The noble scholar, jurist, historian


 His Excellency Dr. Abdul Wahhab bin Ibrahim Abu Sulaiman, may Allah have mercy on him.


 He was born in Umm Al-Qura in the year 1356 AH.

التصريح بما تواتر فى نزول المسيح / (Record no. 11637)

MARC details
000 -LEADER
fixed length control field 01879cam a22003371i 4500
003 - CONTROL NUMBER IDENTIFIER
control field SA-RiAUC
005 - DATE AND TIME OF LATEST TRANSACTION
control field 20250911125903.0
008 - FIXED-LENGTH DATA ELEMENTS--GENERAL INFORMATION
fixed length control field 250910s1992 sy g b 000r0dara c
040 ## - CATALOGING SOURCE
Original cataloging agency SA-JeALM
Language of cataloging ara
Transcribing agency SA-RiAUC
Description conventions rda
082 04 - DEWEY DECIMAL CLASSIFICATION NUMBER
Classification number 243
Assigning agency SA-RiAUC
090 ## - LOCALLY ASSIGNED LC-TYPE CALL NUMBER (OCLC); LOCAL CALL NUMBER (RLIN)
Classification number (OCLC) (R) ; Classification number, CALL (RLIN) (NR) 243
Local cutter number (OCLC) ; Book number/undivided call number, CALL (RLIN) ك ش م
100 1# - MAIN ENTRY--PERSONAL NAME
Personal name الكشميري، محمد أنور بن معظم شاه،
Dates associated with a name 1292-1352 هجري
Relator term مؤلف.
245 12 - TITLE STATEMENT
Title التصريح بما تواتر فى نزول المسيح /
Statement of responsibility, etc. محمد أنور شاه الكشميري الهندي ؛ رتبه محمد شفيع ؛ حققه وراجع نصوصه وعلق عليه عبد الفتاح أبو غدة.
250 ## - EDITION STATEMENT
Edition statement الطبعة الخامسة.
264 #1 - PRODUCTION, PUBLICATION, DISTRIBUTION, MANUFACTURE, AND COPYRIGHT NOTICE
Place of production, publication, distribution, manufacture حلب، سوريا :
-- بيروت - لبنان :
Name of producer, publisher, distributor, manufacturer مكتب المطبوعات الإسلامية،
Date of production, publication, distribution, manufacture, or copyright notice 1992
300 ## - PHYSICAL DESCRIPTION
Extent 373 صفحة ؛
Dimensions 24 سم
336 ## - CONTENT TYPE
Content type term نص
Content type code txt
Source rdacontent
Materials specified كتاب
337 ## - MEDIA TYPE
Media type term بدون وسيط
Media type code n
Source rdamedia
338 ## - CARRIER TYPE
Carrier type term مجلد
Carrier type code nc
Source rdacarrier
504 ## - BIBLIOGRAPHY, ETC. NOTE
Bibliography, etc. note ببليوجرافية : صفحة 318-322.
520 0# - SUMMARY, ETC.
Summary, etc. تحدث هذا الكتاب عن كثير من علامات الساعة الكبرى مشروحة موضحة وخاصة نزول عيسى عليه السلام وخروج الدجال ويأجوج ومأجوج والدابة والدخان.
600 07 - SUBJECT ADDED ENTRY--PERSONAL NAME
Personal name عيسى (عليه السلام)
Source of heading or term aucnm
650 #7 - SUBJECT ADDED ENTRY--TOPICAL TERM
Topical term or geographic name entry element علامات الساعة
Source of heading or term aucsh
650 #7 - SUBJECT ADDED ENTRY--TOPICAL TERM
Topical term or geographic name entry element يوم القيامة
Source of heading or term aucsh
650 #7 - SUBJECT ADDED ENTRY--TOPICAL TERM
Topical term or geographic name entry element السمعيات
Source of heading or term aucsh
700 1# - ADDED ENTRY--PERSONAL NAME
Personal name أبو غدة، عبد الفتاح بن محمد بن بشير،
Dates associated with a name 1917-1997
Relator term محقق.
700 12 - ADDED ENTRY--PERSONAL NAME
Relationship information تحقيق لـ :
Personal name الكشميري، محمد أنور بن معظم شاه،
Dates associated with a name 1292-1352 هجري.
Title of a work التصريح بما تواتر في نزول المسيح
700 1# - ADDED ENTRY--PERSONAL NAME
Personal name شفيع، محمد
Relator term منظم.
942 ## - ADDED ENTRY ELEMENTS (KOHA)
Source of classification or shelving scheme Dewey Decimal Classification
Koha item type Books
Suppress in OPAC No
949 ## - LOCAL PROCESSING INFORMATION (OCLC)
a SA-JeALM
d 250910
u osman123
n 1
Holdings
Withdrawn status Lost status Source of classification or shelving scheme Damaged status Not for loan Home library Current library Date acquired Total checkouts Full call number Barcode Date last seen Price effective from Koha item type
    Dewey Decimal Classification     DR AbdElwahab Library DR AbdElwahab Library 09/11/2025   243 ك ش م 000018789 09/11/2025 09/11/2025 Books